Nobiliario hispano-americano del siglo XVI / (Record no. 151706)

MARC details
000 -LEADER
campo de control de longitud fija 00739nam a22001935i 4500
001 - NÚMERO DE CONTROL
campo de control 151706
003 - IDENTIFICADOR DE NÚMERO DE CONTROL
campo de control ES-MaACL
005 - FECHA Y HORA DE LA ÚLTIMA TRANSACCIÓN
campo de control 20250815022956.0
008 - DATOS DE LONGITUD FIJA--INFORMACIÓN GENERAL
campo de control de longitud fija 151013s1929 sp |||| | spa d
245 00 - MENCIÓN DEL TÍTULO
Título Nobiliario hispano-americano del siglo XVI /
Mención de responsabilidad, etc. por Santiago Montoto.
260 ## - PUBLICACIÓN, DISTRIBUCIÓN, ETC.
Lugar de publicación, distribución, etc. Madrid :
Nombre del editor, distribuidor, etc. Compañía Iberoamericana de Publicaciones,
Fecha de publicación, distribución, etc. [1929]
300 ## - DESCRIPCIÓN FÍSICA
Extensión 403 p. :
Otras características físicas il. ;
Dimensiones 26 cm.
490 1# - MENCIÓN DE SERIE
Mención de serie Colección de documentos inéditos para la historia de Hispanoamérica ;
Designación de volumen o secuencia 2
650 #4 - PUNTO DE ACCESO ADICIONAL DE MATERIA--TÉRMINO DE MATERIA
Término de materia o nombre geográfico como elemento de entrada Heráldica-
Subdivisión geográfica España.
9 (RLIN) 13317
700 1# - ENTRADA AGREGADA--NOMBRE PERSONAL
Nombre de persona Montoto, Santiago.
9 (RLIN) 82701
830 10 - PUNTO DE ACCESO ADICIONAL DE SERIE-TÍTULO UNIFORME
Título uniforme Colección de documentos inéditos para la historia de Hispanoamérica
Designación de volumen o secuencia 2
9 (RLIN) 187670
852 4# - LOCALIZACIÓN
Ubicación ES-MaACL
Número de control de estantería C-12699
Holdings
Estatus retirado Estado de pérdida Estado de daño No para préstamo Biblioteca de origen Biblioteca actual Ubicación en estantería Fecha de adquisición Fuente de adquisición Total de préstamos Signatura topográfica completa Código de barras Visto por última vez Precio de reemplazo Tipo de ítem Koha
        Biblioteca del Ateneo de Madrid Biblioteca del Ateneo de Madrid Sala Palomar 13/10/2015     C-12699 1194242 23/02/2023 23/02/2023 Libro impreso